| 000 -CABECERA |
| Longitud fija campo de control |
00513nam a2200169 a 4500 |
| 001 - NÚMERO DE CONTROL |
| Número de control |
4328 |
| 003 - IDENTIFICADOR DEL NÚMERO DE CONTROL |
| Identificador del número de control |
CDMR |
| 005 - FECHA Y HORA DE LA ÚLTIMA TRANSACCIÓN |
| Fecha y hora de la última transacción |
20131024173157.0 |
| 008 - CÓDIGOS DE INFORMACIÓN DE LONGITUD FIJA |
| Códigos de información de longitud fija |
130130s1999||||||||||||||||||||||||||||d |
| 040 ## - FUENTE DE LA CATALOGACIÓN |
| Centro catalogador de origen |
CDMR |
| Lengua de catalogación |
cat |
| Centro transcriptor |
CPC GIRONA |
| 245 #0 - MENCIÓN DE TÍTULO |
| Título |
Documents on the crimes which are been committed (Srebrenica 1995-1998) |
| 246 #1 - VARIANTES DE TÍTULO |
| Título propio / Título en breve |
Dokumenti o zločinima koji traju (Srebrenica 1995-1998) - fotografij |
| 260 ## - PUBLICACIÓN, DISTRIBUCIÓN, ETC. (PIE DE IMPRENTA) |
| Fecha de publicación, distribución, etc. |
1999 |
| Lugar de publicación, distribución, etc. |
Tuzla |
| Nombre del editor, distribuidor, etc. |
Općina Srebrenica ured u Tuzli |
| 300 ## - DESCRIPCIÓN FÍSICA |
| Extensión |
59 p. |
| 490 0# - MENCIÓN DE SERIE |
| Mención de serie |
Bòsnia |
| 942 ## - ENTRADA DE ELEMENTOS AGREGADOS (KOHA) |
| Koha [por defecto] tipo de item |
Monografies |
| Fuente de clasificaión o esquema |
|